| 000 | 00448cam a2200169ua 4500 | ||
|---|---|---|---|
| 020 | _cRs.12.60 | ||
| 041 |
_aeng _h |
||
| 082 |
_a330.025195 _bKLE/IN |
||
| 100 | _aKlein, Lawrence. | ||
| 245 |
_aIntroduction to econometrics / _cLawrence R Klein. _hTextual Documents |
||
| 260 |
_aNew Delhi : _bPrentice Hall of India Pvt Ltd. , _c1965. |
||
| 300 | _a280 ; . | ||
| 365 | _aRs.12.60 | ||
| 504 | _a | ||
| 942 | _cBK | ||
| 999 |
_c1327 _d1327 |
||